000 00476nam a2200169 i 4500
001 41472
003 ES-MaACL
005 20230906160433.0
007 t|
008 030310s1915 it ||||1| ita d
100 1 _aCasali, J.
_936066
245 1 0 _aTipi originali di casette popolari villini economici ab abitazioni rurali /
_cJ. Casali.
250 _a4ยช ed.
260 _aMilano :
_b[Allegretti],
_c1915.
300 _aVIII, 508 p. ;
_c15 cm.
852 _aES-MaACL
_jD-3599
999 _c41472
_d41472